000 00510nam a2200217Ia 4500
003 OSt
005 20251024103023.0
008 210210b1968 xxu||||| |||| 00| 0 eng d
040 _cAL
041 _aeng
082 _a973.02 BEEU
100 _aKenneth E Beer
_9242648
245 _aUSA answers questions a guide to understanding Ed 2
250 _a2
260 _aMadras
_c1968
300 _a214p
650 _aUSA
_9242649
690 _aAmerican History
_9242650
906 _a030050
942 _2ddc
_cBK
999 _c81246
_d81246